Vplyv inflácie na výpočet čistej súčasnej hodnoty projektu

Inflácia v procese investičného rozhodovania. Praktický príklad investičného projektu.

Salvato in:
Dettagli Bibliografici
Autore principale: Šrenkel, Ľudovít
Altri autori: Smorada, Marián, 1984-
Natura: Capitolo di libro
Lingua:slovacco
Soggetti:
Tags: Aggiungi Tag
Nessun Tag, puoi essere il primo ad aggiungerne!!

MARC

LEADER 00000naa$a2200000$$$4500
001 0181062
005 20240502073111.9
041 0 |a slo 
044 |a SK 
245 1 0 |a Vplyv inflácie na výpočet čistej súčasnej hodnoty projektu  |c Ľudovít Šrenkel, Marián Smorada 
520 |a Inflácia v procese investičného rozhodovania. Praktický príklad investičného projektu. 
610 2 0 |a projekty investičné 
610 2 0 |a investície 
610 2 0 |a inflácia 
610 2 0 |a rozhodovanie investičné 
100 1 |a Šrenkel, Ľudovít 
700 1 |a Smorada, Marián, 1984-